000 00433nam a2200169Ia 4500
008 240729s9999 xx 000 0 und d
022 _a1708-3087
245 0 _aEcology and Society
260 _aUnited States
260 _bResilience Alliance
650 _a Biology (General)
650 _a Ecology
650 _aScience
856 _uhttps://doaj.org/toc/ca132a6020204ab284127935af84cef8
942 _2ddc
942 _cDOAJEJ
999 _c73305
_d73305
945 _a1
_bMadushi Gamage
_c1
_dMadushi Gamage